000 00815nam a2200205 i 4500
001 46036
003 ES-MaACL
005 20231204184345.0
007 t|
008 030327s1859 sp ||||1| spa d
110 2 _aCompañia de los Caminos de Hierro del Norte de España.
_93117
245 1 0 _aMemoria leída en la Junta General de Accionistas celebrada el día 19 de enero de 1859, y presidida por el marqués de la Vega de Armijo /
_cCompañía de los Caminos de Hierro del Norte de España.
260 _aMadrid :
_b[s.n.],
_c1859 (
_fRivadeneyra)
300 _a8 p. ;
_c23 cm.
700 1 _aAguilar y Correa, Antonio,
_cMarqués de la Vega de Armijo,
_d1824-1908
_918751
852 4 _aES-MaACL
_jT-10-F-9
852 4 _aES-MaACL
_jT-53-F-8
852 4 _aES-MaACL
_jT-60-F-6
999 _c46036
_d46036